|
|
|
|
| LEADER |
00000nab#a22000007a#4500 |
| 001 |
arbauad033067 |
| 003 |
AR-BaUAD |
| 005 |
20250711112645.0 |
| 008 |
980916|||||||||###||||||b###|0###a|spa|| |
| 040 |
|
|
|a AR-BaUAD
|c AR-BaUAD
|b spa
|
| 100 |
|
|
|a Coignard, Jérôme
|
| 245 |
|
|
|a Frida et Diego :
|b sous le signe de la révolution /
|c Jérôme Coignard;
|
| 300 |
0 |
|
|b p. 46-53 ; 102: fot. col.
|
| 653 |
|
|
|a MEXICO
|
| 653 |
|
|
|a HISTORIA
|
| 653 |
|
|
|a ARTE
|
| 653 |
|
|
|a KAHLO, FRIDA
|
| 653 |
|
|
|a RIVERA, DIEGO
|
| 653 |
|
|
|a PINTURA
|
| 653 |
|
|
|a BIOGRAFIAS
|
| 653 |
|
|
|a ARTISTAS
|
| 653 |
|
|
|a ARTES PLASTICAS
|
| 773 |
0 |
|
|t L'OEIL
|g no. 498 [jul.-ago. 1998]
|
| 942 |
|
|
|c ARTI
|
| 952 |
|
|
|0 0
|1 0
|4 0
|7 0
|9 77986
|a AR-BAuAD
|b AR-BAuAD
|d 2025-07-11
|l 0
|p AAQA033067
|r 2025-07-11 11:26:45
|w 2025-07-11
|y ARTI
|
| 990 |
|
|
|a A199
|b TD
|
| 998 |
|
|
|a AAQ
|b BIBUN76
|
| 999 |
|
|
|c 57659
|d 57659
|